Statistics for Bend Flags

Click here to take the quiz!

General Stats

  • This quiz has been taken 17 times
  • The average score is 7 of 8

Answer Stats

Answer% Correct
Trinidad and Tobago
100%
Brunei
88%
Democratic Republic of the Congo
88%
Republic of the Congo
88%
Solomon Islands
88%
Saint Kitts and Nevis
81%
Tanzania
81%
Namibia
75%

Score Distribution

Percentile by Number Answered

Percent of People with Each Score

Your Score History

You have not taken this quiz